Vplyv poistného práva ES na slovenský poisťovací zákon

Právo Európskej únie ako model pre budúce právne predpisy SR (na základe "asociačnej dohody"). Porovnanie slovenského poistného zákona s právom EÚ. Porovnanie konkrétnych paragrafov: obmedzenie kapitálovej účasti pre zahraničné spoločnosti, zriaďovanie obchodných zastúpení zahraničnými spoločnosťami...

Descrizione completa

Salvato in:
Dettagli Bibliografici
Autore principale: Schacht, H.
Natura: Capitolo di libro
Lingua:slovacco
Soggetti:
Tags: Aggiungi Tag
Nessun Tag, puoi essere il primo ad aggiungerne!!

MARC

LEADER 00000naa a2200000 4500
001 r021980
005 20221213100309.0
041 0 |a slo 
044 |a SK 
245 1 0 |a Vplyv poistného práva ES na slovenský poisťovací zákon  |c H. Schacht 
520 |a Právo Európskej únie ako model pre budúce právne predpisy SR (na základe "asociačnej dohody"). Porovnanie slovenského poistného zákona s právom EÚ. Porovnanie konkrétnych paragrafov: obmedzenie kapitálovej účasti pre zahraničné spoločnosti, zriaďovanie obchodných zastúpení zahraničnými spoločnosťami, zaistenie, rezervy, právna forma atď. 
610 2 0 |a právo poistné 
610 2 0 |a Európske spoločenstvá 
610 2 0 |a zákony 
610 2 0 |a poisťovníctvo 
610 2 0 |a Slovensko 
610 2 0 |a 1991 
610 2 0 |a porovnanie medzinárodné 
100 1 |a Schacht, H.